State of the Union 2026 facts - Statistics

General Stats
  • This quiz has been taken 5 times
  • The average score is 11 of 15
Answer Stats
Question Answer % Correct
Which year was the speech the longest? 2026
100%
Did Democrats like the speech? (SOTU) No
100%
Did Independents likethe speech? (SOTU) No
100%
Who delivered thespeech? PresidentTrump
100%
Who sat behind him to (our) left? Vice PresidentVance
100%
Did Republicans likethe speech? (SOTU) Yes
100%
Which means the party is charge was? Democrats
75%
Which sports groupwas honored? Men's Hockey Team
75%
Which party gave it? Republicans
75%
How many minuteswas it? 107
50%
What year was thefirst official rebuttal given? 1966
50%
Who gave the rebuttal this year? Governor Spanberger
50%
Who sat behind him to (our) right? House SpeakerJohnson
50%
Who had to leavethe chamber again? RepresentativeGreen
50%
What was the nameof the protest SOTU? People's StateOf The Union
25%
No matching quizzes found
Score Distribution
Percent of People with Each Score
Percentile by Number Answered
Your Score History
You have not taken this quiz